FQ: ciências físico-químicas
Guardado en:
| Autor principal: | |
|---|---|
| Otros Autores: | |
| Formato: | Desconocido |
| Lenguaje: | portugués |
| Publicado: |
Porto
Asa
2002-
|
| Edición: | 1ª ed |
| Catálogo: | MANES: Resultados de Búsqueda del Catálogo |
| Clasificación de libros de texto: |
|
| Etiquetas: |
Agregar Etiqueta
Sin Etiquetas, Sea el primero en etiquetar este registro!
|
| Añadido a: | 2016-04-26 |
| Cambiado en: | 2025-04-25 |
MARC
| LEADER | 000000000a22000000004500 | ||
|---|---|---|---|
| 001 | 29993 | ||
| 003 | OSt | ||
| 005 | 20250425111529.0 | ||
| 008 | 160427s pt ||||| |||| 00| 0 por d | ||
| 040 | |c centro_manes | ||
| 041 | 1 | |a por | |
| 100 | 1 | |a Beleza, M. Domingas |9 15990 | |
| 245 | 0 | 0 | |a FQ: ciências físico-químicas |
| 250 | |a 1ª ed | ||
| 260 | 3 | |a Porto |b Asa |c 2002- | |
| 300 | |a v.; |c 28 cm | ||
| 500 | |a [1º v.] |a [1º v.] : Terra no espaço, terra em transformação. - 271, [1] ; A física, a astronomia e a história ([1] f. desdobr.) |a [2º v.] | ||
| 561 | |5 pt-BNP |a Portugal. Biblioteca Nacional de Portugal |k MANES | ||
| 691 | |a SE | ||
| 690 | |a FQ | ||
| 700 | 1 | |a Cavaleiro, M. Neli G. C. |9 15921 | |
| 942 | |2 ddc |c BK | ||
| 546 | |a Portugal | ||
| 999 | |c 31455 |d 31455 | ||
| 999 | |c manes:31455 |d 31455 | ||